00927 2200277 4500001002100000005001500021035002000036245009100056020002200147100003100169008004100200082001100241084002000252250001400272300003000286650002000316700002600336504002800362264003500390336002100425337003000446338002300476520011800499990001600617990001600633INLIS00000000004423020220802082608 a0010-07220000241 aDyah Gitarja :bbiografi kekuasaan Majapahit /cApriadi Ujiarso; penyunting, Yeni Mada a978-623-6470-17-60 aApriadi Ujiarsoepengarang220802 g 0 ind  a920.72 aSR 920.72 APR d aCetakan 1 axii, 128 halaman ;c21 cm 4aBiografi wanita0 aYeni Madaepenyunting aBibliografi halaman 119 aYogyakarta :bInterlude,c2022 2rdacontentaText 2rdamediaatanpa perantara 2rdacarrieravolume aBuku ini menarasikan ulang sebuah episode peristiwa di masa Kerajaan Majapahit dalam sebuah paket narasi populer. a49386.62206 a49386.62206